Hispanoamérica en lucha por su independencia / (Record no. 110784)
[ view plain ]
| 000 -CABECERA | |
|---|---|
| campo de control de longitud fija | 00721nam a2200205 a 4500 |
| 005 - FECHA Y HORA DE LA ÚLTIMA TRANSACCIÓN | |
| campo de control | 20240911063931.0 |
| 008 - ELEMENTOS DE LONGITUD FIJA--INFORMACIÓN GENERAL | |
| campo de control de longitud fija | 050516s1962 mx r 000 0 spa d |
| 035 ## - NÚMERO DE CONTROL DEL SISTEMA | |
| Número de control de sistema | UPN01000138636 |
| 049 ## - COLECCIÓN | |
| Colección | CG |
| 050 #4 - SIGNATURA TOPOGRÁFICA DE LA BIBLIOTECA DEL CONGRESO | |
| Número de clasificación | F1418 |
| Número de documento/Ítem | H5.7 |
| 245 00 - MENCIÓN DE TÍTULO | |
| Título | Hispanoamérica en lucha por su independencia / |
| Mención de responsabilidad, etc. | Miguel Hidalgo ...[et al]. |
| 260 ## - PUBLICACIÓN, DISTRIBUCIÓN, ETC. | |
| Lugar de publicación, distribución, etc. | México : |
| Nombre del editor, distribuidor, etc. | Cuadernos Americanos, |
| Fecha de publicación, distribución, etc. | 1962. |
| 300 ## - DESCRIPCIÓN FÍSICA | |
| Extensión | 349 p. |
| 650 #4 - ASIENTO SECUNDARIO DE MATERIA - TERMINO TEMATICO | |
| Término de materia o nombre geográfico como elemento de entrada | INTERVENCION (DERECHO INTERNACIONAL) |
| 9 (RLIN) | 17866 |
| 650 #4 - ASIENTO SECUNDARIO DE MATERIA - TERMINO TEMATICO | |
| Término de materia o nombre geográfico como elemento de entrada | Autonomía nacional |
| 9 (RLIN) | 3095 |
| 651 #4 - ASIENTO SECUNDARIO DE MATERIA - NOMBRE GEOGRAFICO | |
| Nombre geográfico | AMERICA LATINA - |
| Subdivisión general | RELACIONES - |
| Subdivisión geográfica | ESTADOS UNIDOS |
| 9 (RLIN) | 3998 |
| 651 #4 - ASIENTO SECUNDARIO DE MATERIA - NOMBRE GEOGRAFICO | |
| Nombre geográfico | ESTADOS UNIDOS - |
| Subdivisión general | RELACIONES - |
| Subdivisión geográfica | AMERICA LATINA |
| 9 (RLIN) | 17517 |
| 700 1# - ASIENTO SECUNDARIO--NOMBRE DE PERSONAL | |
| Nombre de persona | Hidalgo y Costilla, Miguel, |
| Fechas asociadas al nombre | 1753-1811 |
| Término indicativo de función/relación | coaut. |
| 9 (RLIN) | 16388 |
| 905 ## - TIPO DE MATERIAL | |
| Tipo de material | Libro |
| Estado de retiro | Estado de pérdida | Fuente del sistema de clasificación o colocación | Estado dañado | No para préstamo | Código de colección | Localización permanente | Ubicación/localización actual | Ubicación en estantería | Total de préstamos | Clasificación | Código de barras | Fecha visto por última vez | Número de copia | Tipo de ítem Koha |
|---|---|---|---|---|---|---|---|---|---|---|---|---|---|---|
| Library of Congress Classification | Colección General | Bib. Gregorio Torres Quintero | Bib. Gregorio Torres Quintero | Planta baja | F1418 H5.7 | 13682 | 31/12/2020 | 1 | Libro |
